Sports Quiz

Random Sports Quiz
Score 0/13 Timer 06:00
0 Plays Today
Year Pitcher % Correct
1981Nolan Ryan
92.3%
1986Mike Scott
87.3%
1988**Tom Browning
83.1%
1984Jack Morris
81.7%
1984**Mike Witt
78.2%
1981**Len Barker
75.4%
1983Dave Righetti
67.6%
1983Bob Forsch
54.2%
1980Jerry Reuss
41.5%
1987Juan Nieves
41.5%
1981Charlie Lea
38.7%
1986Joe Cowley
33.1%
1983Mike Warren
27.5%
Remove Ads.
Support Sporcle.
Get the best of Sporcle when you Go Orange. This ad-free experience offers more features, more stats, and more fun while also helping to support Sporcle. Thank you for becoming a member.

You're not logged in!

Compare scores with friends on all Sporcle quizzes.
OR
Log In

Sporcle TV

Today on Sporcle TV


Watch our educational content, quiz creation guides, and fun videos on Sporcle TV.

Show Comments

Extras

Created May 27, 2010ReportNominate
Tags:1980, Nonbitter, Pitchers, team

Top Quizzes Today


Score Distribution

Paid Content

Your Account Isn't Verified!

In order to create a playlist on Sporcle, you need to verify the email address you used during registration. Go to your Sporcle Settings to finish the process.

Report this User

Report this user for behavior that violates our Community Guidelines.

Details: